Conservadores y liberales: los grandes temas políticos
Збережено в:
| Формат: | Книга |
|---|---|
| Мова: | Іспанська |
| Опубліковано: |
Caracas
Conmemorativas del Sesquicentenario de la Independencia
1961
|
| Серія: | Pensamiento Político Venezolano del Siglo XIX, 12
|
| Предмети: | |
| Теги: |
Додати тег
Немає тегів, Будьте першим, хто поставить тег для цього запису!
|
MARC
| LEADER | 00000nam a2200000 a 4500 | ||
|---|---|---|---|
| 001 | UCO3805 | ||
| 003 | CL-VaPUC | ||
| 008 | 000720e19610000VE |||||||||||||||||spa|d | ||
| 082 | 0 | 4 | |a 320.0987 |b CON |2 21 |
| 245 | 1 | 0 | |a Conservadores y liberales: los grandes temas políticos |
| 300 | |a 739 p | ||
| 942 | |c BK | ||
| 945 | |d 20000720 00:00:00 |a crobeson | ||
| 260 | |a Caracas |b Conmemorativas del Sesquicentenario de la Independencia |c 1961 | ||
| 650 | 7 | |a FILOSOFIA POLITICA |2 CL-VaPUC |9 447750 | |
| 650 | 7 | |a TEORIA POLITICA |2 CL-VaPUC |9 447751 | |
| 650 | 7 | |a CONSERVADORES |2 CL-VaPUC |9 336864 | |
| 650 | 7 | |a LIBERALES |2 CL-VaPUC |9 336865 | |
| 651 | 0 | |a Venezuela |9 254993 | |
| 583 | |a last modification |c 20160913 04:18:55 |k Rodrigo Vera | ||
| 490 | 0 | |a Pensamiento Político Venezolano del Siglo XIX, 12 | |
| 999 | |c 289936 |d 289934 | ||
| 952 | |0 0 |1 0 |4 0 |6 320_098700000000000_CON_1961 |7 0 |8 A |9 338920 |a BIBHIS |b BIBHIS |d 2019-11-20 |i 1201425 |o 320.0987 CON 1961 |p 1201425 |r 2025-01-20 |w 2019-11-20 |y BK |k HIS | ||